000 00567nam a2200193 a 4500
003 SISC
005 20170126104128.0
008 120614s19uu xx 00 eng d
020 _a9781422162347
050 _aHD 66
_b.H3765 2011
245 _aBuilding better teams /
_cHarvard business review.
260 _aBoston, Mass :
_bHarvard Business Review Press,
_c2011.
300 _a228 pages :
_billustrations ;
_c22 cm.
500 _aIncludes index.
650 _aCorporate culture.
650 _aTeams in the workplace.
942 _cBK
_2lcc
_kFOR
999 _c25170
_d25170